[Event "1st WMSG Rapid Team"]
[Site "Beijing CHN"]
[Date "2008.10.14"]
[Round "1"]
[White "Forsaa,E"]
[Black "Rasmussen,A"]
[Result "0-1"]
[WhiteElo "2322"]
[BlackElo "2513"]

1.c4 e5 2.g3 d6 3.Bg2 Be7 4.d4 c6 5.Nc3 f5 6.e4 Nf6 7.dxe5 dxe5 8.Qxd8+ Bxd8
9.exf5 Bxf5 10.Nge2 Nbd7 11.b3 Nc5 12.O-O Nd3 13.Bg5 Bb6 14.Bxf6 gxf6 15.Ne4 Ke7
16.Nc1 Nc5 17.Nxc5 Bxc5 18.Ne2 Bd3 19.Bf3 Rad8 20.Rfd1 Bc2 21.Re1 Rd2 22.Bh5 f5
23.Kg2 Kf6 24.h4 Rhd8  0-1

[Event "1st WMSG Rapid Team"]
[Site "Beijing CHN"]
[Date "2008.10.14"]
[Round "2"]
[White "Ghaem Maghami,E"]
[Black "Lodhi,M"]
[Result "1/2-1/2"]
[WhiteElo "2599"]
[BlackElo "2394"]

1.c4 e5 2.g3 Nf6 3.Bg2 d5 4.cxd5 Nxd5 5.Nc3 Be6 6.Nf3 Nc6 7.O-O Be7 8.d4 exd4
9.Nb5 O-O 10.Nfxd4 Nxd4 11.Nxd4 c6 12.e4 Nc7 13.Be3 c5 14.Nf5 Bxf5 15.exf5 Qc8
16.Qf3 b6 17.Bf4 Bf6 18.Qc6 Na6 19.Qxa8 Qxa8 20.Bxa8 Rxa8 21.Rab1 Nb4 22.a3 Nd3
23.b3 Nxf4 24.gxf4 a5 25.Rfd1 Bd4 26.b4 axb4 27.axb4 Kf8 28.bxc5 bxc5 29.Rd2 Ra6
30.Kg2 Ke7 31.Kf3 Kf6 32.Ke4 g6 33.fxg6 Re6+ 34.Kf3 hxg6 35.Rb7 Kg7 36.Rd7 Rf6
37.Rd5 Ra6 38.Re2 Ra3+ 39.Kg2 Ra7 40.f5 g5 41.Kf3 Ra1 42.Rd7 Kf6 43.Ree7 Kxf5
44.Rxf7+ Kg6 45.Rf8 Ra3+ 46.Ke4 Ra4 47.Kd5 Ra2 48.Rd6+ Kh5 49.f3 Rxh2 50.Rf5 Rf2
51.Rd7 Kh4 52.Rh7+ Kg3 53.Rxg5+ Kxf3 54.Rf5+ Ke2 55.Re7+ Kd3 56.Rxf2 Bxf2
57.Re4 Bd4 58.Rh4 Be3 59.Ra4 Bd4 60.Ra3+ Kc2 61.Kc4 Kd2 62.Rh3 Ke2 63.Kd5 Kd2
64.Ke4 Kc2 65.Rd3 Bb2 66.Rh3 c4 67.Kd5 c3 68.Kc4 Kd2 69.Rh2+ Ke3 70.Kb3 Kd3
71.Rh3+ Kd4 72.Kc2 Ke4 73.Rg3 Kd4 74.Rf3 Ke4 75.Rd3 Ba1 76.Rd8 Bb2 77.Rd7 Ke3
78.Rd3+ Ke4 79.Rh3 Kd4 80.Rh1 Ke4 81.Rd1 Ke3 82.Kb3 Ke2 83.Kc2 Ke3 84.Rd3+ Ke4
85.Rd7 Ke3 86.Re7+ Kd4 87.Re6 Kd5 88.Re3 Kd4 89.Re1 Kc4 90.Re4+ Kd5 91.Rh4 Ke5
92.Kd3 Kf5 93.Rc4 Ke5 94.Rc5+ Kd6 95.Rc8 Kd5 96.Rc4 Ke5 97.Rc5+ Kd6 98.Rc8 Kd5
99.Rg8 Ke5 100.Rg2 Kd5 101.Rg5+ Kd6 102.Rh5 Kc6 103.Rh8 Kc5 104.Ke4 Kc4 105.Rc8+ Kb3
106.Kd3 Kb4 107.Rc7 Kb5 108.Ke4 Kb4 109.Ke3 Kb3 110.Kd3 Kb4 111.Rc8 Kb5 112.Kc2 Kb6
113.Kb3 Kb7 114.Rc4 Kb6 115.Ka4 Kb7 116.Kb5 Kb8 117.Kb6 Ba1 118.Kc6 Bb2 119.Rb4+ Kc8
120.Re4 Kd8 121.Re2 Bc1 122.Rc2 Bb2 123.Kd6 Kc8 124.Re2 Kb7 125.Kd5 Kc7 126.Rc2 Kd7
127.Rg2 Ke7 128.Rg7+ Kd8 129.Rg2 Ke7 130.Rf2 Kd7 131.Re2 Kd8 132.Kd6 Ba3+
133.Kc6 Bc1 134.Kc5 Kc7 135.Re7+ Kd8 136.Re2 Kc7 137.Kc4 Bb2 138.Kd5 Kb6
139.Kc4 Kc6 140.Kd3 Kd6 141.Rg2 Ke5 142.Rg6 Kd5 143.Rg5+ Kd6 144.Ra5 Kc6
145.Rh5 Kd6 146.Rh2 Kd5 147.Rg2 Ke5 148.Kc4 Kd6 149.Re2 Kc6 150.Rh2 Kd6 151.Kd3 Ke5
152.Rh4 Kd5 153.Rh5+ Kd6 154.Ra5 Kc6 155.Ra8 Kb7 156.Ra4 Kc6 157.Rc4+ Kd5
158.Rd4+ Kc5 159.Rd8 Kc6 160.Ke4  1/2-1/2

[Event "1st WMSG Rapid Team"]
[Site "Beijing CHN"]
[Date "2008.10.15"]
[Round "3"]
[White "Burstein,R"]
[Black "Espinosa Flores,R"]
[Result "0-1"]
[WhiteElo "2331"]
[BlackElo "2412"]

1.c4 e5 2.g3 Nf6 3.Bg2 Nc6 4.Nc3 Bc5 5.e3 a6 6.Nge2 O-O 7.O-O d6 8.h3 Bf5
9.d3 Qd7 10.Kh2 h6 11.a3 Rab8 12.b4 Ba7 13.Nd5 Nxd5 14.cxd5 Ne7 15.Bb2 Bh7
16.e4 c6 17.d4 cxd5 18.dxe5 dxe4 19.exd6 Nc6 20.Nf4 Rbd8 21.Nh5 f6 22.Qd5+ Qf7
23.Rad1 Qxd5 24.Rxd5 Rd7 25.h4 Rfd8 26.Bxf6 Rxd6 27.Rxd6 Rxd6 28.Ba1 Rd2
29.Nxg7 Nd4 30.Nh5 Kf7 31.Nf4 Nf3+ 32.Bxf3 exf3 33.g4 Bxf2 34.Kh3 Be4 35.Nh5 Bd3
36.Rc1 Bb6 37.Ng3 f2 38.Be5 Ra2 39.Rd1 Rxa3 40.Kg2 Bb5  0-1

[Event "1st WMSG Rapid Team w KO"]
[Site "Beijing CHN"]
[Date "2008.10.17"]
[Round "1.1"]
[White "Vasilevich,I"]
[Black "Arutyunova,D"]
[Result "1/2-1/2"]
[WhiteElo "2354"]
[BlackElo "2274"]

1.c4 e5 2.g3 Nc6 3.Bg2 d6 4.Nc3 g6 5.Rb1 Bg7 6.b4 f5 7.d3 Nf6 8.e3 O-O 9.Nge2 g5
10.b5 Ne7 11.f4 g4 12.Ba3 Re8 13.fxe5 dxe5 14.O-O Ng6 15.Nd5 Bh6 16.Kh1 Bg5
17.Bc1 Rf8 18.e4 Nxd5 19.exf5 Ne3 20.Bxe3 Bxe3 21.fxg6 hxg6 22.Rxf8+ Qxf8
23.Nc3 Bd4 24.Nd5 Qf7 25.Nb4 Rb8 26.Qe2 Kg7 27.Nc2 Qf2 28.Nxd4 Qxd4 29.Re1 Kf6
30.Rf1+ Bf5 31.Be4 Ke6 32.Bd5+ Kd6 33.Be4 Rf8 34.Rd1 c6 35.bxc6 bxc6 36.Rc1 Kc7
37.Qe1 Bxe4+ 38.dxe4 Qf2 39.Qa5+ Kc8 40.Qa6+ Kc7 41.Qa5+ Kc8 42.Qa6+ Kc7
43.Qa5+ Kc8  1/2-1/2

[Event "1st Bobotsov Mem"]
[Site "Sofia BUL"]
[Date "2008.10.18"]
[Round "4"]
[White "Rusev,K"]
[Black "Ermenkov,Evgenij"]
[Result "1/2-1/2"]
[WhiteElo "2541"]
[BlackElo "2465"]

1.c4 e5 2.g3 Nf6 3.Bg2 d5 4.cxd5 Nxd5 5.Nf3 Nc6 6.d3 Be7 7.O-O Be6 8.a3 O-O
9.Nc3 Nb6 10.b4 a6 11.Bb2 f5 12.Na4 Nxa4 13.Qxa4 Bf6  1/2-1/2

[Event "92nd ch-Marshall CC"]
[Site "New York USA"]
[Date "2008.10.19"]
[Round "5"]
[White "Naranja,R"]
[Black "Getz,A"]
[Result "1-0"]
[WhiteElo "2274"]
[BlackElo "2222"]

1.c4 e5 2.g3 Nc6 3.Bg2 g6 4.Nc3 Bg7 5.d3 d6 6.Rb1 Be6 7.b4 Qd7 8.b5 Nd8 9.Bg5 f6
10.Bd2 Ne7 11.e4 O-O 12.Nd5 f5 13.Bg5 Nc8 14.Ne2 h6 15.Bxd8 Qxd8 16.exf5 gxf5
17.O-O Nb6 18.Nxb6 axb6 19.Bxb7 Rxa2 20.Nc3 Ra7 21.Bd5 Qd7 22.Rb3 f4 23.Qg4 Re8
24.gxf4 Kh8 25.Bxe6 Qxe6 26.f5 Qf7 27.Ne4 Rf8 28.Ng3 d5 29.cxd5 Qxd5 30.Rb4 Rf7
31.Qh5 Ra3 32.Rd1 Rf8 33.Rg4 Rxd3 34.Rxd3 Qxd3 35.Ne4 Ra8 36.Kg2 Rg8 37.Qf7  1-0

[Event "1st Bobotsov Mem"]
[Site "Sofia BUL"]
[Date "2008.10.20"]
[Round "7"]
[White "Todorov,O"]
[Black "Janev,E"]
[Result "1/2-1/2"]
[WhiteElo "2318"]
[BlackElo "2491"]

1.c4 e5 2.g3 c6 3.d4 exd4 4.Qxd4 Nf6 5.Nc3 d5 6.Bg2 dxc4 7.Qxc4 Be7 8.Nf3 O-O
9.O-O Be6 10.Qa4 Na6  1/2-1/2

[Event "WYCC Boys U14"]
[Site "Vung Tau City VIE"]
[Date "2008.10.21"]
[Round "2"]
[White "Garcia,Jan"]
[Black "Ruzicka,V2"]
[Result "1-0"]
[WhiteElo "2256"]
[BlackElo "2047"]

1.c4 e5 2.g3 Nf6 3.Bg2 d5 4.cxd5 Nxd5 5.Nf3 Nc6 6.d3 Be7 7.Nc3 Nb6 8.O-O O-O
9.a3 Be6 10.b4 a5 11.b5 Nd4 12.Nd2 Nd5 13.Bb2 f6 14.Nxd5 Bxd5 15.Bxd4 Bxg2
16.Kxg2 Qxd4 17.Qb3+ Kh8 18.a4 Bb4 19.Nf3 Qd7 20.Rac1 c5 21.bxc6 bxc6 22.Rc2 Rab8
23.Rb1 c5 24.Nd2 h6 25.Ne4 Rfc8 26.Nxc5 Qc6+ 27.f3 Rb7 28.Rc4 Qxc5 29.Rbc1 Rbc7
30.Rxc5 Rxc5 31.Rxc5 Rxc5 32.h4 Rc3 33.Qd5 Rc2 34.Qa8+ Kh7 35.Qe4+ Kh8 36.d4 Rc4
37.Qa8+ Kh7 38.dxe5 fxe5 39.Qd5 Rc5 40.Qe6 Bc3 41.g4 Bb4 42.g5 hxg5 43.hxg5 Bc3
44.Qf5+  1-0

[Event "WYCC Boys U14"]
[Site "Vung Tau City VIE"]
[Date "2008.10.22"]
[Round "3"]
[White "Franklin,S"]
[Black "Bukavshin,I"]
[Result "1-0"]
[WhiteElo "2156"]
[BlackElo "2376"]

1.c4 e5 2.g3 Nf6 3.Bg2 d5 4.cxd5 Nxd5 5.Nf3 Nc6 6.O-O Be7 7.d4 exd4 8.Nxd4 Nxd4
9.Qxd4 Nf6 10.Qa4+ Qd7 11.Qc2 c6 12.Rd1 Qf5 13.Bxc6+ Kf8 14.Qxf5 Bxf5 15.Bxb7 Rb8
16.Bf3 Nd7 17.Nc3 Bf6 18.Bf4 Rxb2 19.Nd5 Bd8 20.Bd6+ Ke8 21.Rac1 f6 22.g4 Be6
23.Nc7+ Bxc7 24.Rxc7 Kf7 25.Ba3 Rxa2 26.Rdxd7+ Bxd7 27.Rxd7+ Kg6 28.Rxa7 Ra1+
29.Kg2 Re8 30.Bc5 Rxa7 31.Bxa7 h6 32.Bd4 Re7 33.h4 Re8 34.e3 Re7 35.Be2 h5
36.gxh5+ Kh6 37.Kg3 Re8 38.Bf3 Rd8 39.Bb6 Rd7 40.e4 Re7 41.Be3+ Kh7 42.Bg4 Kh8
43.Bf5 Re8 44.h6 Re7 45.h5 Re8 46.hxg7+ Kxg7 47.h6+ Kf7 48.h7 Kg7 49.Kf4 Ra8
50.Bd4 Rd8 51.Bc3 Rf8 52.e5 Kh8 53.exf6 Rf7 54.Kf3  1-0

[Event "WYCC Boys U14"]
[Site "Vung Tau City VIE"]
[Date "2008.10.22"]
[Round "3"]
[White "Chua Xing Jian,G"]
[Black "Le Trong De Toan"]
[Result "1-0"]
[WhiteElo "2229"]
[BlackElo "1952"]

1.g3 e5 2.c4 d5 3.cxd5 Qxd5 4.Nf3 Qa5 5.Nc3 Nf6 6.Bg2 c6 7.O-O Bc5 8.Nxe5 Bxf2+
9.Rxf2 Qxe5 10.d4 Qa5 11.e4 O-O 12.e5 Nd5 13.Ne4 Be6 14.Ng5 Nd7 15.Be4 h6
16.Bh7+ Kh8 17.Bb1 Rac8 18.Qd3 g6 19.Nxe6  1-0

[Event "WYCC Boys U18"]
[Site "Vung Tau City VIE"]
[Date "2008.10.22"]
[Round "3"]
[White "Rajapakse,R"]
[Black "Zaslavsky,M"]
[Result "0-1"]
[WhiteElo "1646"]
[BlackElo "2367"]

1.c4 e5 2.g3 Nf6 3.Bg2 Nc6 4.Nc3 Bb4 5.Nd5 Nxd5 6.cxd5 Ne7 7.a3 Bc5 8.Nf3 d6
9.d4 exd4 10.Nxd4 O-O 11.O-O Bg4 12.Re1 Qd7 13.b4 Bb6 14.Bb2 Rfe8 15.Qd3 Ng6
16.Rac1 a5 17.e4 axb4 18.axb4 Ne5 19.Qc3 Ra2 20.Ra1 Rea8 21.Rxa2 Rxa2 22.Ra1 Rxa1+
23.Bxa1 Qa4 24.Nc2 Qa2 25.h3 Qb1+ 26.Kh2 Bxf2 27.hxg4 Bg1+ 28.Kh3 Qd1 29.Bf3 Qf1+
30.Bg2 Qe2 31.Ne3 Bxe3 32.Qxc7 Qxg4+ 33.Kh2 Qh5+ 34.Bh3 Qe2+ 35.Bg2 Nf3+
36.Kh3 Ng1+ 37.Kh2 Qh5+  0-1

[Event "WYCC Boys U16"]
[Site "Vung Tau City VIE"]
[Date "2008.10.22"]
[Round "4"]
[White "Chirita Mihaila,M"]
[Black "Amarasena,K"]
[Result "1/2-1/2"]
[WhiteElo "2091"]
[BlackElo "1915"]

1.c4 e5 2.g3 Nc6 3.Bg2 f5 4.Nc3 Nf6 5.Nf3 Be7 6.d4 e4 7.Ng5 O-O 8.Nh3 d6
9.O-O Qe8 10.Bg5 h6 11.Bxf6 Bxf6 12.Nd5 Bd8 13.e3 g5 14.Kh1 Ne7 15.Nxe7+ Bxe7
16.Ng1 g4 17.Ne2 h5 18.h4 Be6 19.Qc2 Bf7 20.Rfd1 c6 21.c5 Qd8 22.b4 Qd7 23.Bf1 b5
24.cxb6 axb6 25.a4 Bf6 26.Nc3 Rfc8 27.Ra3 Qe7 28.Qd2 Ra7 29.d5 c5 30.Nb5 Raa8
31.a5  1/2-1/2

[Event "WYCC Boys U14"]
[Site "Vung Tau City VIE"]
[Date "2008.10.24"]
[Round "6"]
[White "Garcia,Jan"]
[Black "Berchtenbreiter,M"]
[Result "1-0"]
[WhiteElo "2256"]
[BlackElo "2116"]

1.c4 e5 2.g3 Nf6 3.Bg2 c6 4.d4 Bb4+ 5.Bd2 Bxd2+ 6.Qxd2 d6 7.Nc3 O-O 8.e3 Nbd7
9.Nge2 Re8 10.O-O Qe7 11.d5 c5 12.e4 Nf8 13.a3 Bd7 14.Nc1 a6 15.Nd3 b5 16.b3 bxc4
17.bxc4 Bg4 18.f4 exf4 19.gxf4 Ng6 20.Rae1 Rab8 21.e5 Nd7 22.e6 fxe6 23.f5 Nge5
24.fxe6 Nxc4 25.Qf4 Nde5 26.Nxe5 Nxe5 27.Rxe5 dxe5 28.Qxg4 Rf8 29.Ne4 Rxf1+
30.Bxf1 c4 31.d6 Qa7+ 32.Kh1 Rb1 33.Qf3 Qb7 34.Nf6+  1-0

[Event "WYCC Girls U18"]
[Site "Vung Tau City VIE"]
[Date "2008.10.24"]
[Round "6"]
[White "Pham Bich Ngoc"]
[Black "Nemcova,Kat"]
[Result "0-1"]
[WhiteElo "2090"]
[BlackElo "2369"]

1.c4 e5 2.g3 Nf6 3.Bg2 d5 4.cxd5 Nxd5 5.Nf3 Nc6 6.O-O Nb6 7.d3 Be7 8.a3 O-O
9.Nbd2 Be6 10.b3 Qd7 11.Bb2 f6 12.Qc2 Rfd8 13.Rfd1 Bf8 14.Nc4 Qf7 15.Rac1 Rab8
16.e3 Bd5 17.d4 exd4 18.Nxd4 Bxg2 19.Kxg2 Nxd4 20.Rxd4 Nxc4 21.Qxc4 c5 22.Qxf7+ Kxf7
23.Rxd8 Rxd8 24.Bc3 Ke6 25.Kf3 Rd7 26.Ke2 Bd6 27.f4 f5 28.h3 b5 29.g4 g6
30.gxf5+ gxf5 31.Rg1 c4 32.bxc4 Rc7 33.Rg7 Rxc4 34.Kd2 Rc7 35.Rxc7 Bxc7 36.Kd3 Kd5
37.Bd4 a6 38.Bc3 h5 39.Bb4 Bd8 40.Bf8 Bf6 41.Bb4 Bd8 42.Bc3 a5 43.Bd2 Be7
44.Bxa5 Bxa3 45.Bd8 Bd6 46.Bf6 b4 47.Bg7 b3 48.Kc3 Ke4 49.Kxb3 Bc5 50.Kc2 Bxe3
51.Kd1 Kf3 52.h4 Bxf4 53.Ke1 Kg2  0-1

[Event "92nd ch-Marshall CC"]
[Site "New York USA"]
[Date "2008.10.25"]
[Round "7"]
[White "Lenderman,A"]
[Black "Getz,A"]
[Result "1-0"]
[WhiteElo "2443"]
[BlackElo "2222"]

1.c4 e5 2.g3 Nc6 3.Bg2 g6 4.Nc3 Bg7 5.e3 d6 6.Nge2 h5 7.h4 Nh6 8.Rb1 Bf5
9.d3 Qd7 10.Nd5 Nd8 11.b4 c6 12.Ndc3 O-O 13.b5 Be6 14.bxc6 bxc6 15.Qa4 Rc8
16.Ba3 f5 17.Kd2 Ng4 18.f3 Nf6 19.f4 Re8 20.Rhe1 Bf7 21.Qa6 e4 22.d4 Bf8
23.Rb3 Rc7 24.Bf1 Ng4 25.Ng1 Qe6 26.Rc1 Nh2 27.Be2 Bg7 28.Nd1 c5 29.d5 Qe7
30.Rcb1 Kh7 31.Bb2 Bxb2 32.R1xb2 Bg8 33.Nh3 Kh6 34.Ng5 Bh7 35.Rb8 Bg8 36.Ra8 Ng4
37.Bxg4 hxg4 38.Rbb8 Rd7 39.Nc3 Kg7 40.Nb5 Qf6 41.Qa3 Kf8 42.Qc3 Qe7 43.Qh8  1-0

[Event "TCh-HUN 2008-9"]
[Site "Decs HUN"]
[Date "2008.10.26"]
[Round "1"]
[White "Bors,T"]
[Black "Veszpremi,A"]
[Result "1-0"]
[WhiteElo "2261"]
[BlackElo "2219"]

1.c4 e5 2.g3 Nf6 3.Bg2 Bc5 4.e3 Nc6 5.Nc3 O-O 6.a3 a5 7.Nge2 Re8 8.O-O d6
9.d3 Bg4 10.h3 Bd7 11.Kh2 Qc8 12.d4 Bb6 13.d5 Nb8 14.e4 Na6 15.Rb1 Nc5 16.b4 axb4
17.axb4 Na4 18.Nxa4 Bxa4 19.Qd3 Bd7 20.Bb2 Ra4 21.Bc3 c5 22.f4 cxb4 23.Rxb4 Rxb4
24.Bxb4 Bc5 25.Bc3 Qc7 26.g4 Ra8 27.g5 Ne8 28.Qf3 Ba4 29.Kh1 Bd4 30.fxe5 Bxe5
31.Nd4 b5 32.c5 b4 33.Ba1 Bxd4 34.Bxd4 Bb5 35.cxd6 Nxd6 36.Rb1 Qc4 37.Be5 Ra3
38.Qf4 Ne8 39.Rc1 Qa2 40.Bd4 Rd3 41.Qe5 Rxd4 42.Qxd4 b3 43.Qb4 b2 44.Rg1 Bd7
45.Qb7 Ba4 46.e5 Bb3 47.Rf1 f5 48.e6  1-0

[Event "Open A"]
[Site "Le Touquet FRA"]
[Date "2008.10.26"]
[Round "2"]
[White "Aglave,A"]
[Black "D'Costa,L"]
[Result "0-1"]
[WhiteElo "2136"]
[BlackElo "2411"]

1.c4 e5 2.g3 Nf6 3.Bg2 Nc6 4.Nc3 Bc5 5.e3 d5 6.cxd5 Nb4 7.d3 Nbxd5 8.Nxd5 Nxd5
9.a3 O-O 10.Nf3 Bd6 11.O-O c6 12.d4 e4 13.Nd2 f5 14.Nc4 Bc7 15.b4 Be6 16.Qc2 h5
17.f3 exf3 18.Bxf3 h4 19.Ne5 hxg3 20.hxg3 Qf6 21.Qf2 Bxe5 22.dxe5 Qxe5 23.Bb2 Qc7
24.Qh2 Nf6 25.Qh4 Rae8 26.Rf2 Bd5 27.Bxd5+ Nxd5 28.Rh2 Nf6 29.Qg5 Re4 30.Rd1 Rg4
31.Qxf6 Qxg3+ 32.Kh1 Rh4 33.Qe6+ Kh8 34.Rxh4+ Qxh4+ 35.Kg2 Qg5+ 36.Kh1 Qh5+  0-1

[Event "Open A"]
[Site "Le Touquet FRA"]
[Date "2008.10.26"]
[Round "2"]
[White "Klipper,N"]
[Black "Gervasio,R"]
[Result "0-1"]
[WhiteElo "1827"]
[BlackElo "2297"]

1.c4 e5 2.g3 Bc5 3.Bg2 Nc6 4.e3 Nf6 5.Nc3 O-O 6.Nge2 Re8 7.O-O e4 8.f3 exf3
9.Bxf3 Ne5 10.d4 Nxf3+ 11.Rxf3 Bf8 12.Qd3 d5 13.cxd5 Nxd5 14.e4 Nb6 15.b3 a5
16.Bb2 Bh3 17.Nf4 Bg4 18.Rf2 Qd7 19.Ncd5 Nxd5 20.Nxd5 Rad8 21.Rc1 c6 22.Nb6 Qe6
23.Re1 c5 24.Nc4 cxd4 25.Bxd4 Bc5  0-1

[Event "TCh-HUN 2008-9"]
[Site "Szombathely HUN"]
[Date "2008.10.26"]
[Round "1"]
[White "Mate,Laszlo"]
[Black "Csonka,A1"]
[Result "1/2-1/2"]
[WhiteElo "2110"]
[BlackElo "2275"]

1.c4 e5 2.g3 Nf6 3.Bg2 d5 4.cxd5 Nxd5 5.Nc3 Nb6 6.Nf3 Nc6 7.O-O Be7 8.d3 O-O
9.b3 Be6 10.Bb2 f6 11.Rc1 a5 12.a3 Rf7 13.Nd2 Nd5 14.Na4 Nd4 15.e3 Nb5 16.Nc5 Bxc5
17.Rxc5 c6 18.Rc1 Rd7 19.Ne4 Qe7 20.Nc5 Rdd8 21.Qc2 Bf7 22.Rfd1 Rac8 23.d4 exd4
24.exd4 Re8 25.Qd2 Nd6 26.Re1 Qc7 27.Bh3 Rxe1+ 28.Rxe1 Re8 29.Rxe8+ Nxe8
30.Qe2 Nd6 31.Bc1 b6 32.Na4 Nb5 33.Bb2 Qd6 34.Qc2 g6 35.Qc1 Kg7 36.Bf1 Qe6
37.Bc4 Qe4 38.Qd2 Qb1+ 39.Kg2 Qf5 40.Qd3 Qg4 41.Qf3 Qd7 42.Qe2 Nd6 43.Bd3 Be6
44.f3 Nc8 45.Bc4 Nc7 46.Nc3 Ne7 47.Ne4 Bd5 48.Nc3 Ne6 49.Nxd5 Nxd5 50.Bxd5 Qxd5
51.Qc4 Qd7 52.h4 Nc7 53.Bc1 Nd5 54.Bd2 Kf7 55.g4 Qe6 56.Qd3 Qd6 57.a4 Qa3
58.Qc2 Qd6 59.Qd3 Qe6 60.h5 f5 61.hxg6+ hxg6 62.gxf5 gxf5 63.Kf2 Kf6 64.Qe2 Qd6
65.Kg2 Kf7 66.Qd3 Qg6+ 67.Kf2 Qh5 68.Ke2 Ke6 69.Kd1 Qh1+ 70.Kc2 Qa1 71.Qc4 Kd6
72.Qd3 Ke6 73.Qc4 Qa2+ 74.Kd1 Qb1+ 75.Ke2 Kd6 76.Qd3 Qb2 77.Ke1 Ne7 78.Bf4+ Kd7
79.Bg5 Kd6 80.Bf4+ Ke6 81.Qe2+ Qxe2+ 82.Kxe2 Nd5 83.Bd2 Nf6 84.Kd3 Kd5 85.Bg5 Nd7
86.Bd8 c5 87.dxc5 Nxc5+ 88.Kc3 Kc6 89.Kc4 Ne6 90.Bf6 Kd6 91.Bd4 Kc6 92.Be3 f4
93.Bd2 Ng5 94.Bxf4 Nxf3  1/2-1/2

[Event "WYCC Boys U14"]
[Site "Vung Tau City VIE"]
[Date "2008.10.27"]
[Round "8"]
[White "Garcia,Jan"]
[Black "Stukopin,A"]
[Result "1/2-1/2"]
[WhiteElo "2256"]
[BlackElo "2363"]

1.c4 e5 2.g3 Nc6 3.Bg2 g6 4.Nc3 Bg7 5.e3 d6 6.Nge2 f5 7.d3 Nf6 8.Rb1 O-O
9.O-O Kh8 10.b4 g5 11.f4 gxf4 12.exf4 Ne7 13.Kh1 a6 14.Be3 Ng6 15.Qd2 c6
16.Na4 Be6 17.fxe5 dxe5 18.Nc5 Qe7 19.Bh3 Ne8 20.Rbe1 Nd6 21.Bg5 Qf7 22.Nf4 Nxf4
23.gxf4 e4 24.Nxe6 Qxe6 25.c5 Nb5 26.dxe4 Bc3 27.Bxf5 Bxd2 28.Bxe6 Bxe1 29.Rxe1 h6
30.Be7 Rxf4 31.e5 Nd4 32.Bf6+ Kh7 33.Bc4 Kg6 34.Rg1+ Kf5 35.Bd3+ Ke6 36.Bc4+ Kf5
37.Bd3+ Ke6 38.Bc4+ Kf5 39.Bd3+  1/2-1/2

[Event "Open A"]
[Site "Le Touquet FRA"]
[Date "2008.10.28"]
[Round "4"]
[White "Soyez,C"]
[Black "Larmuseau,Ma"]
[Result "1-0"]
[WhiteElo "2234"]
[BlackElo "2071"]

1.c4 e5 2.g3 Nc6 3.Bg2 f5 4.Nc3 Nf6 5.a3 g6 6.b4 Bg7 7.b5 Ne7 8.h4 d5 9.cxd5 Nexd5
10.Nxd5 Nxd5 11.Bb2 O-O 12.Nh3 h6 13.f4 Qd6 14.fxe5 Bxe5 15.Bxe5 Qxe5 16.Nf4 Nxf4
17.gxf4 Qxf4 18.Qb3+ Kh7 19.Rc1 Rf6 20.Rh3 Be6 21.Qg3 Qd4 22.Rxc7+ Kh8 23.Qc3 Qg1+
24.Bf1 Rf8 25.Re3 Bg8 26.Re8 Qg3+ 27.Qxg3 Rxe8 28.Qc3 Rf8 29.Rxb7  1-0

[Event "Open A"]
[Site "Le Touquet FRA"]
[Date "2008.10.29"]
[Round "6"]
[White "Soyez,C"]
[Black "Gervasio,R"]
[Result "1/2-1/2"]
[WhiteElo "2234"]
[BlackElo "2297"]

1.c4 e5 2.g3 Bc5 3.Bg2 Nf6 4.Nc3 O-O 5.e3 Nc6 6.Nge2 Re8 7.O-O e4 8.a3 d6
9.b4 Bb6 10.Bb2 Bf5 11.Nd5 Nxd5 12.cxd5 Ne5 13.Bxe5 Rxe5 14.d3 exd3 15.Nf4 a5
16.Nxd3 Re8 17.Nb2 axb4 18.axb4 Qe7 19.Nc4 Rxa1 20.Qxa1 Bd3 21.Rc1 Bxc4 22.Rxc4 f5
23.Rf4 g6 24.h4 Qe5 25.Qxe5 dxe5 26.Rc4 e4 27.Bf1  1/2-1/2

[Event "Open A"]
[Site "Le Touquet FRA"]
[Date "2008.10.29"]
[Round "6"]
[White "Aglave,A"]
[Black "Larmuseau,Mi"]
[Result "1-0"]
[WhiteElo "2136"]
[BlackElo "1969"]

1.c4 e5 2.g3 Nc6 3.Bg2 f5 4.Nc3 Nf6 5.d3 Bb4 6.Bd2 d6 7.e3 Bxc3 8.Bxc3 O-O
9.b4 Qe8 10.Ne2 f4 11.gxf4 exf4 12.Nxf4 Ng4 13.O-O Nxe3 14.fxe3 Qxe3+ 15.Kh1 Rxf4
16.Rxf4 Qxf4 17.Bd5+ Kh8 18.Qf1 Qxf1+ 19.Rxf1 Bh3 20.Rf3 Bg4 21.Rg3 h5 22.h3 Bf5
23.Rg5 Bh7  1-0

[Event "Open A"]
[Site "Le Touquet FRA"]
[Date "2008.10.31"]
[Round "8"]
[White "Aglave,A"]
[Black "Bellamine,I"]
[Result "1/2-1/2"]
[WhiteElo "2136"]
[BlackElo "2140"]

1.c4 e5 2.g3 c6 3.d4 Bb4+ 4.Bd2 Bxd2+ 5.Qxd2 d6 6.Bg2 Nf6 7.e3 O-O 8.Ne2 Be6
9.d5 cxd5 10.cxd5 Bf5 11.O-O Be4 12.Nbc3 Bxg2 13.Kxg2 Na6 14.f3 Qb6 15.e4 Rac8
16.g4 Nd7 17.Ng3 g6 18.h4 f6 19.Rf2 Ndc5 20.Rd1 Nb4 21.Qe3 Qa6 22.Rfd2 Na4
23.h5 Kg7 24.Nce2 Qb6 25.Qxb6 Nxb6 26.b3 a5 27.hxg6 hxg6 28.Rc1 Rc5 29.a3 Na6
30.b4 axb4 31.axb4 Rc4  1/2-1/2

[Event "IX Rapid Open"]
[Site "El Sauzal ESP"]
[Date "2008.11.01"]
[Round "1"]
[White "Vidarte Morales,A"]
[Black "Lorenzo Ventura,A"]
[Result "1-0"]
[WhiteElo "2437"]
[BlackElo "1528"]

1.c4 e5 2.g3 d5 3.Bg2 Nf6 4.cxd5 Nxd5 5.Nf3 Nc6 6.Nc3 Be6 7.O-O Be7 8.d4 Nxc3
9.bxc3 exd4 10.Nxd4 Bd5 11.Nxc6 bxc6 12.Qa4 Bxg2 13.Kxg2 Qd5+ 14.Kg1 O-O
15.Bf4 Qb5 16.Qxb5 cxb5 17.Bxc7 Rac8 18.Ba5 Bf6 19.Rac1 Rc6 20.Rfd1 Re8 21.e3 Rec8
22.Rd5 a6 23.Rcd1 h6 24.Rd6 Rc4 25.Rxa6 Ra4 26.Rxf6 gxf6 27.Bb4 Rxa2  1-0

[Event "IX Rapid Open"]
[Site "El Sauzal ESP"]
[Date "2008.11.01"]
[Round "3"]
[White "Vidarte Morales,A"]
[Black "Pereda de Pablo,E"]
[Result "1/2-1/2"]
[WhiteElo "2437"]
[BlackElo "2128"]

1.c4 e5 2.g3 Nf6 3.Nc3 d5 4.cxd5 Nxd5 5.Nf3 Nc6 6.Bg2 Nb6 7.O-O Be7 8.a3 O-O
9.b4 Re8 10.Rb1 Bf8 11.d3 f6 12.Ne4 Kh8 13.Bb2 a6 14.Qc2 Bg4 15.h3 Bh5 16.g4 Bf7
17.e3 Qd7 18.Rfd1 Bd5 19.Ng3 Rac8 20.e4 Be6 21.d4 exd4 22.Nxd4 Nxd4 23.Bxd4 Qf7
24.f4 Nc4 25.Qc3 c5 26.bxc5 Bxc5 27.Bxc5 Rxc5 28.Qb4 Rb5 29.Qc3 Rxb1 30.Rxb1 b5
31.Kh2 Qc7 32.Rf1 Rd8 33.Kh1 Bg8 34.Nh5 Qe7 35.Qb4  1/2-1/2

[Event "IX Rapid Open"]
[Site "El Sauzal ESP"]
[Date "2008.11.01"]
[Round "5"]
[White "Vidarte Morales,A"]
[Black "Glek,I"]
[Result "1/2-1/2"]
[WhiteElo "2437"]
[BlackElo "2512"]

1.c4 e5 2.g3 Nf6 3.Nc3 Bb4 4.Bg2 Bxc3 5.dxc3 d6 6.Nf3 O-O 7.Nd2 Nbd7 8.e4 a6
9.Nf1 b5 10.cxb5 axb5 11.Bg5 h6 12.Bxf6 Nxf6 13.Ne3 Bb7 14.f3 d5 15.exd5 Nxd5
16.Nxd5 Bxd5 17.a3 c6 18.Qd2 Bc4 19.Qxd8 Rfxd8 20.Bf1 Bb3 21.Be2 Rd6 22.Bd1 Bd5
23.Rf1 Rad8 24.Rf2 e4 25.fxe4 Bxe4 26.Bc2 Bxc2 27.Rxc2 f5 28.Re2 Kf7 29.Rc1 Kf6
30.a4 Rb8 31.axb5 cxb5 32.b4  1/2-1/2

[Event "TCh-NED 2008-9"]
[Site "Netherlands NED"]
[Date "2008.11.01"]
[Round "2"]
[White "De Jager,J"]
[Black "Peng Zhaoqin"]
[Result "1-0"]
[WhiteElo "2361"]
[BlackElo "2462"]

1.c4 e5 2.g3 Nf6 3.Bg2 d5 4.cxd5 Nxd5 5.Nf3 Nc6 6.O-O Be7 7.d4 e4 8.Ne5 f5
9.Nxc6 bxc6 10.Qa4 Bd7 11.Nc3 c5 12.Qb3 Nxc3 13.bxc3 Rb8 14.Qd5 c6 15.Qc4 cxd4
16.cxd4 Qa5 17.Be3 Rb4 18.Qc1 Qb5 19.Bg5 Bd6 20.Bf4 Be7 21.a3 Rb3 22.e3 O-O
23.Rd1 Be6 24.a4 Qd5 25.Rb1 Rb4 26.a5 Rc8 27.a6 h6 28.h4 Kh7 29.Rxb4 Bxb4
30.Qb1 Qb5 31.Rc1 Ba3 32.Bf1 Qxb1 33.Rxb1 c5 34.dxc5 Bxc5 35.Rb7 Re8 36.Be5 Re7
37.Bd4 Bc8 38.Bxc5 Rxb7 39.axb7 Bxb7 40.Bxa7 h5 41.Bc4 g6 42.Bd4  1-0

[Event "21st Belgrade Trophy"]
[Site "Obrenovac SRB"]
[Date "2008.11.03"]
[Round "7"]
[White "Radosavljevic,SD"]
[Black "Todorovic,GM"]
[Result "0-1"]
[WhiteElo "2267"]
[BlackElo "2478"]

1.c4 e5 2.g3 Nf6 3.Bg2 Nc6 4.Nf3 Bc5 5.O-O d6 6.Nc3 O-O 7.d3 h6 8.a3 a5 9.e3 Re8
10.h3 Bf5 11.d4 Bb6 12.b3 Qd7 13.Kh2 Rad8 14.Bb2 Bg6 15.Nd5 Nxd5 16.cxd5 Ne7
17.dxe5 Be4 18.e6 fxe6 19.dxe6 Qxe6 20.Nd4 Qg6 21.Bxe4 Qxe4 22.Qg4 Qxg4 23.hxg4 Ng6
24.Nf5 Ne5 25.Kg2 Rd7 26.f3 d5 27.Rad1 c6 28.a4 Re6 29.Rh1 Bd8 30.e4 Bf6
31.f4 Nxg4 32.e5 h5 33.Rxh5 g6 34.Nh6+ Nxh6 35.Rxh6 Bg7 36.Rh4 c5 37.Rhh1 Rb6
38.Ba3 Bf8 39.Rd3 Re6 40.Rhd1 d4 41.Kf3 b6 42.Ke4 Bg7 43.R3d2 Kf7 44.Kd3 Rc6
45.Re2 Re6 46.Rde1 Rd8 47.Bc1 Rh8 48.Kc4 Rd8 49.Bd2 Rh8 50.g4  0-1

[Event "21st Belgrade Trophy"]
[Site "Obrenovac SRB"]
[Date "2008.11.04"]
[Round "8"]
[White "Jovanovic,De"]
[Black "Belotelov,D"]
[Result "0-1"]
[WhiteElo "2040"]
[BlackElo "2292"]

1.c4 e5 2.g3 Nf6 3.Bg2 c6 4.d4 e4 5.Bg5 d5 6.cxd5 cxd5 7.Nc3 Bb4 8.Qb3 Bxc3+
9.bxc3 Nbd7 10.e3 O-O 11.Ne2 Nb6 12.O-O Nc4 13.Rfd1 Bg4 14.Bf1 h6 15.Bxf6 Qxf6
16.h3 Be6 17.Nf4 b5 18.a3 g5 19.Nxe6 fxe6 20.Ra2 Nd6 21.Rb1 Rf7 22.Qc2 Qf5
23.g4 Qf3 24.Qe2 Qf6 25.Qe1 h5 26.Qe2 Raf8 27.a4 bxa4 28.Rxa4 hxg4 29.Ra6 Nc4
30.Rba1 gxh3 31.Bxh3 g4 32.Bxg4 Qg5 33.Rxa7 Rf3 34.Ra8 Qxg4+ 35.Kf1 Qh3+
36.Ke1 Qh1+ 37.Qf1 Rxe3+ 38.fxe3 Qxf1+  0-1

[Event "Russia Cup Final"]
[Site "Serpuhov RUS"]
[Date "2008.11.07"]
[Round "2.1"]
[White "Kokarev,Dm"]
[Black "Savchenko,B"]
[Result "1/2-1/2"]
[WhiteElo "2588"]
[BlackElo "2648"]

1.g3 e5 2.c4 Nf6 3.Bg2 d5 4.cxd5 Nxd5 5.d3 Be7 6.Nf3 Nc6 7.Nc3 Nb6 8.O-O O-O
9.Be3 Be6 10.Qc1 Re8 11.Rd1 Nd5 12.Nxd5 Bxd5 13.d4 e4 14.Ne5 Bd6 15.Nxc6 Bxc6
16.Qc4 Qd7 17.a4 b5 18.axb5 Bxb5 19.Qc2 Qg4 20.Re1 Qe6 21.Rxa7 Rxa7 22.d5 Qxd5
23.Bxa7 h5 24.Rd1 Qe6 25.Bc5 Bxc5 26.Qxc5 Bxe2 27.Re1 Bd3 28.Qxc7 h4 29.gxh4 Qf6
30.Qg3 Qxb2 31.Qxd3 exd3 32.Rxe8+ Kh7 33.Be4+ g6 34.Bxd3 Qd4  1/2-1/2